|
|
|
|
| LEADER |
00000nam0a2200000 4500 |
| 001 |
130326 |
| 005 |
20231031133848.0 |
| 010 |
|
|
|a 9785321010488
|
| 035 |
|
|
|a (RuTPU)RU\TPU\book\141150
|
| 090 |
|
|
|a 130326
|
| 100 |
|
|
|a 20080201d2006 k y0rusy50 ca
|
| 101 |
0 |
|
|a rus
|
| 102 |
|
|
|a RU
|
| 105 |
|
|
|a a z 000zy
|
| 200 |
1 |
|
|a Воспитательный потенциал студенческого самоуправления в подготовке конкурентоспособного специалиста
|f А. В. Пономарев, М. А. Бердников
|g Уральский государственный технический университет
|
| 210 |
|
|
|a Екатеринбург
|c Изд-во УГТУ
|d 2006
|
| 215 |
|
|
|a 273 с.
|c ил.
|
| 330 |
|
|
|a В монографии представлена динамика развития студенческого самоуправления и его нормативно-правового обеспечения в России и за рубежом. На основе материалов I, II, III и IV Всероссийских конкурсов моделей организации студенческого самоуправления проанализированы существующие на сегодняшний день модели студенческого самоуправления вузов и ссузов России и их эффективность в реализации социально значимых проектов. На основе комплексных социологических исследований показана роль органов студенческого самоуправления и значение принципа многообразия форм и направлений их деятельности в подготовке конкурентоспособного специалиста. На основании теоретических и практических исследований определена сущность, структура и особенности развития воспитательного потенциала студенческого самоуправления. Определены организационно-педагогические условия системы студенческого самоуправления в вузе. Представлена модель студенческого самоуправления, реализованная в Уральском государственном техническом университете - УПИ, становившаяся лауреатом Всероссийских конкурсов моделей организации студенческого самоуправления в вузах Российской Федерации в 2004 и 2005 гг. Монография предназначена для преподавателей учреждений высшего и среднего профессионального образования, аспирантов и докторантов, работающих над актуальными проблемами студенческого самоуправления, будет также полезна руководителям и специалистам, занимающимся организацией деятельности органов студенческого самоуправления в вузах и ссузах. В Приложениях приведены документы в утвержденном в вузе виде.
|
| 610 |
1 |
|
|a образование
|
| 610 |
1 |
|
|a высшее образование
|
| 610 |
1 |
|
|a вузы
|
| 610 |
1 |
|
|a студенчество
|
| 610 |
1 |
|
|a воспитание
|
| 610 |
1 |
|
|a подготовка
|
| 610 |
1 |
|
|a специалисты
|
| 610 |
1 |
|
|a самоуправление
|
| 686 |
|
|
|a Ч481.43
|v LBC/SL-A
|2 rubbk
|
| 700 |
|
1 |
|a Пономарев
|b А. В.
|g Александр Владимирович
|
| 701 |
|
1 |
|a Бердников
|b М. А.
|g Максим Александрович
|
| 712 |
0 |
2 |
|a Уральский государственный технический университет
|2 stltpush
|3 (RuTPU)RU\TPU\col\1041
|
| 801 |
|
1 |
|a RU
|b 63413507
|c 20080201
|g PSBO
|
| 801 |
|
2 |
|a RU
|b 63413507
|c 20080207
|g PSBO
|
| 942 |
|
|
|c BK
|